Geography Quiz

Random Geography or City Quiz

Cities of the Greater Victoria Region Quiz Stats

 Plays Quiz not verified by Sporcle

Challenge
Share
Tweet
Score 0/15 Timer 05:00
0 Plays Today
% Correct
Central Saanich
85.1%
Southern Gulf Islands Electoral Area
85.1%
Saanich
83%
Victoria
83%
Sidney
80.9%
North Saanich
78.7%
Oak Bay
78.7%
Metchosin
78.7%
% Correct
Juan de Fuca Electoral Area
78.7%
Highlands
72.3%
Esquimalt
72.3%
Langford
70.2%
View Royal
63.8%
Colwood
63.8%
Sooke
61.7%

You're not logged in!

Compare scores with friends on all Sporcle quizzes.
OR
Log In

You Might Also Like...

Show Comments

Extras

Top Quizzes Today


Score Distribution

Your Account Isn't Verified!

In order to create a playlist on Sporcle, you need to verify the email address you used during registration. Go to your Sporcle Settings to finish the process.

Report this User

Report this user for behavior that violates our Community Guidelines.

Details: